<?xml version="1.0" encoding="UTF-8"?>
<record
    xmlns:xsi="http://www.w3.org/2001/XMLSchema-instance"
    xsi:schemaLocation="http://www.loc.gov/MARC21/slim http://www.loc.gov/standards/marcxml/schema/MARC21slim.xsd"
    xmlns="http://www.loc.gov/MARC21/slim">

  <leader>01648nam a22002297a 4500</leader>
  <controlfield tag="005">20250404113743.0</controlfield>
  <controlfield tag="008">250404b        |||||||| |||| 00| 0 eng d</controlfield>
  <datafield tag="020" ind1=" " ind2=" ">
    <subfield code="a">9788197953095</subfield>
  </datafield>
  <datafield tag="040" ind1=" " ind2=" ">
    <subfield code="c">AL</subfield>
  </datafield>
  <datafield tag="041" ind1=" " ind2=" ">
    <subfield code="a">eng</subfield>
  </datafield>
  <datafield tag="082" ind1=" " ind2=" ">
    <subfield code="2">23</subfield>
    <subfield code="a">347.06054 MULB</subfield>
  </datafield>
  <datafield tag="100" ind1=" " ind2=" ">
    <subfield code="a">Mulla</subfield>
    <subfield code="9">207459</subfield>
  </datafield>
  <datafield tag="245" ind1=" " ind2=" ">
    <subfield code="a">Bharatiya Sakshya Adhiniyam 2023 47 of 2023</subfield>
  </datafield>
  <datafield tag="260" ind1=" " ind2=" ">
    <subfield code="a">Uttar Pradesh</subfield>
    <subfield code="b">Delhi Publishing Company</subfield>
    <subfield code="c">2025</subfield>
  </datafield>
  <datafield tag="300" ind1=" " ind2=" ">
    <subfield code="a">cxliii,848p.</subfield>
    <subfield code="b">HB</subfield>
    <subfield code="c">25x17cm.</subfield>
  </datafield>
  <datafield tag="365" ind1=" " ind2=" ">
    <subfield code="2">Law</subfield>
    <subfield code="a">1791</subfield>
    <subfield code="b">2624.35</subfield>
    <subfield code="c">&#x20B9;</subfield>
    <subfield code="d">3595.00</subfield>
    <subfield code="e">27%</subfield>
    <subfield code="f">14-03-2025</subfield>
  </datafield>
  <datafield tag="520" ind1=" " ind2=" ">
    <subfield code="a">The Bharatiya Sakshya Adhiniyam 2023 (BSA) by Mulla, Edition 2025, is a comprehensive legal reference book that provides an in-depth analysis of the Indian Evidence Act, 1872. This authoritative text is an essential resource for legal professionals, students, and anyone interested in understanding the intricacies of the Indian legal system. With its meticulous attention to detail and expert commentary, this edition offers a thorough examination of the Act, including its historical background, interpretation, and practical applications. Whether you are preparing for exams, conducting research, or seeking guidance on evidentiary matters, the Bharatiya Sakshya Adhiniyam 2023 (BSA) by Mulla is an indispensable tool that will enhance your knowledge and understanding of this crucial aspect of Indian law. Meticulously updated to reflect the latest amendments and judicial precedents, this edition ensures that you have access to the most current and reliable information.</subfield>
  </datafield>
  <datafield tag="650" ind1=" " ind2=" ">
    <subfield code="a">Law</subfield>
    <subfield code="9">207453</subfield>
  </datafield>
  <datafield tag="650" ind1=" " ind2=" ">
    <subfield code="a">Indian Evidence Act 1872 (1 of 1872)</subfield>
    <subfield code="9">207454</subfield>
  </datafield>
  <datafield tag="650" ind1=" " ind2=" ">
    <subfield code="a">Legal Rulings</subfield>
    <subfield code="9">207455</subfield>
  </datafield>
  <datafield tag="942" ind1=" " ind2=" ">
    <subfield code="2">ddc</subfield>
    <subfield code="c">BK</subfield>
  </datafield>
  <datafield tag="999" ind1=" " ind2=" ">
    <subfield code="c">234079</subfield>
    <subfield code="d">234079</subfield>
  </datafield>
  <datafield tag="952" ind1=" " ind2=" ">
    <subfield code="0">0</subfield>
    <subfield code="1">0</subfield>
    <subfield code="2">ddc</subfield>
    <subfield code="4">0</subfield>
    <subfield code="7">0</subfield>
    <subfield code="8">Law</subfield>
    <subfield code="a">LL</subfield>
    <subfield code="b">LL</subfield>
    <subfield code="d">2025-03-14</subfield>
    <subfield code="e">MPP House, Bengaluru-575003</subfield>
    <subfield code="g">2624.35</subfield>
    <subfield code="l">0</subfield>
    <subfield code="o">347.06054 MULB</subfield>
    <subfield code="p">LL002359</subfield>
    <subfield code="r">2025-04-04 11:37:11</subfield>
    <subfield code="v">3595.00</subfield>
    <subfield code="w">2025-04-04</subfield>
    <subfield code="y">BK</subfield>
  </datafield>
</record>
